| 000 | 00455nam a2200193Ia 4500 | ||
|---|---|---|---|
| 008 | 170918s9999 xx 000 0 und d | ||
| 020 | _a9780545292481 | ||
| 050 | _bM123 2009 | ||
| 100 | _aMcCarty, Peter | ||
| 245 | _aJeremy draws a monster / | ||
| 245 | _cby Peter McCarty. | ||
| 260 | _aNew York : | ||
| 260 | _bScholastic, | ||
| 260 | _c2009 | ||
| 300 | _aunpaged : | ||
| 300 | _bcolored illustration ; | ||
| 300 | _c23cm. | ||
| 500 | _a160 | ||
| 999 |
_c342819 _d342819 |
||